Welcome to CU Library Online Public Access Catalogue (OPAC)

Textbook of medical physiology / (Record no. 2275)

MARC details
000 -LEADER
fixed length control field 00701cam a22002294a 4500
001 - CONTROL NUMBER
control field 13735571
005 - DATE AND TIME OF LATEST TRANSACTION
control field 20241215143117.0
008 - FIXED-LENGTH DATA ELEMENTS--GENERAL INFORMATION
fixed length control field 040929s2006 paua b 001 0 eng
020 ## - INTERNATIONAL STANDARD BOOK NUMBER
International Standard Book Number 0721602401
050 00 - LIBRARY OF CONGRESS CALL NUMBER
Classification number QP34.5
Item number .G9 2006
082 00 - DEWEY DECIMAL CLASSIFICATION NUMBER
Classification number 612
Edition information 22
100 1# - MAIN ENTRY--PERSONAL NAME
Personal name Guyton, Arthur C.
245 10 - TITLE STATEMENT
Title Textbook of medical physiology /
Statement of responsibility, etc. Arthur C. Guyton, John E. Hall.
250 ## - EDITION STATEMENT
Edition statement 11th ed.
260 ## - PUBLICATION, DISTRIBUTION, ETC.
Place of publication, distribution, etc. Philadelphia :
Name of publisher, distributor, etc. Elsevier Saunders,
Date of publication, distribution, etc. c2006.
300 ## - PHYSICAL DESCRIPTION
Extent xxxv, 1116 p. :
Other physical details col. ill. ;
Dimensions 29 cm.
650 #0 - SUBJECT ADDED ENTRY--TOPICAL TERM
Topical term or geographic name entry element Human physiology.
650 #0 - SUBJECT ADDED ENTRY--TOPICAL TERM
Topical term or geographic name entry element Physiology, Pathological.
650 12 - SUBJECT ADDED ENTRY--TOPICAL TERM
Topical term or geographic name entry element Physiological Processes.
700 1# - ADDED ENTRY--PERSONAL NAME
Personal name Hall, John E.
Fuller form of name (John Edward),
Dates associated with a name 1946-
942 ## - ADDED ENTRY ELEMENTS (KOHA)
Source of classification or shelving scheme Library of Congress Classification
Koha item type Books
Edition 11th ed.
Suppress in OPAC No
999 ## -
-- 2275
-- 2275
Holdings
Withdrawn status Lost status Source of classification or shelving scheme Damaged status Not for loan Collection Home library Current library Shelving location Date acquired Total checkouts Full call number Barcode Date last seen Copy number Price effective from Koha item type
    Library of Congress Classification     Non-fiction Science Library (Miotso) Science Library (Miotso) General stacks 12/15/2024   QP34.5 .G9 GUY SLM00001568 12/15/2024 1 12/15/2024 Books
    Library of Congress Classification     Non-fiction Science Library (Miotso) Science Library (Miotso) General stacks 12/15/2024   QP34.5 .G9 GUY SLM00001569 12/15/2024 2 12/15/2024 Books
    Library of Congress Classification     Non-fiction Science Library (Miotso) Science Library (Miotso) General stacks 12/15/2024   QP34.5 .G9 GUY SLM00001570 12/15/2024 3 12/15/2024 Books
    Library of Congress Classification     Non-fiction Science Library (Miotso) Science Library (Miotso) General stacks 12/15/2024   QP34.5 .G9 GUY SLM00001571 12/15/2024 4 12/15/2024 Books
© 2023-2024 Copyright: Central University Libraries. All Rights Reserved | Created by: Mahone Tech Office